El sacerdote, según las encíclicas pontificias / (Record no. 40864)

MARC details
000 -LEADER
campo de control de longitud fija 00594nam a2200181 i 4500
001 - NÚMERO DE CONTROL
campo de control 40864
003 - IDENTIFICADOR DE NÚMERO DE CONTROL
campo de control ES-MaACL
005 - FECHA Y HORA DE LA ÚLTIMA TRANSACCIÓN
campo de control 20230906160328.0
007 - CAMPO FIJO DE DESCRIPCIÓN FÍSICA--INFORMACIÓN GENERAL
campo de control de longitud fija t|
008 - DATOS DE LONGITUD FIJA--INFORMACIÓN GENERAL
campo de control de longitud fija 030307s1962 sp ||||1| spa d
245 03 - MENCIÓN DEL TÍTULO
Título El sacerdote, según las encíclicas pontificias /
Mención de responsabilidad, etc. por Capozzi-Radice ; [traductor, Vicente Nolla].
260 ## - PUBLICACIÓN, DISTRIBUCIÓN, ETC.
Lugar de publicación, distribución, etc. Barcelona :
Nombre del editor, distribuidor, etc. Algueró y Baiges,
Fecha de publicación, distribución, etc. [1962]
300 ## - DESCRIPCIÓN FÍSICA
Extensión 256 p. ;
Dimensiones 18 cm.
500 ## - NOTA GENERAL
Nota general El sacerdote da tutte le encicliche pontificie.
700 1# - ENTRADA AGREGADA--NOMBRE PERSONAL
Nombre de persona Nolla y Gili, Vicente.
9 (RLIN) 85922
700 1# - ENTRADA AGREGADA--NOMBRE PERSONAL
Nombre de persona Capozzi-Radice.
9 (RLIN) 34889
852 ## - LOCALIZACIÓN
Ubicación ES-MaACL
Número de control de estantería C-22629
Sublocalización o colección R.50822
Holdings
Estatus retirado Estado de pérdida Estado de daño No para préstamo Biblioteca de origen Biblioteca actual Ubicación en estantería Fecha de adquisición Fuente de adquisición Total de préstamos Signatura topográfica completa Código de barras Visto por última vez Precio de reemplazo Tipo de ítem Koha
        Biblioteca del Ateneo de Madrid Biblioteca del Ateneo de Madrid Galería 17/01/2008     C-22629 1043016 23/02/2023 23/02/2023 Libro impreso